000 00317nam a22001337a 4500
008 180216b xxu||||| |||| 00| 0 eng d
020 _a0443080070
041 _aeng
080 _a616.34
100 _a9
101 _agas
245 _adrug treatment of gastrointestinal disorders
_cnorton.j.g
942 _2udc
_cBK
999 _c42752
_d42752